Statistics for Flags of the Countries that Start with T

Click here to take the quiz!

General Stats

  • This quiz has been taken 540 times
  • The average score is 10 of 11

Answer Stats

Answer % Correct
Turkey
98%
Turkmenistan
92%
Thailand
92%
Trinidad and Tobago
91%
Tuvalu
91%
Tajikistan
87%
Tonga
85%
Tunisia
85%
Togo
85%
Taiwan
84%
Tanzania
80%

Score Distribution

Percentile by Number Answered

Percent of People with Each Score

Your Score History

You have not taken this quiz